000 01691nam a2200277Ia 4500
999 _c40337
_d40337
001 6945
003 GE_BSU
005 20240327153626.0
008 181216s2012||||ge |||||||||||||| ||geo||
020 _a9789941924002
040 _cGE_BSU
041 _ageo
080 _a808.5 ჰ-91
100 _aჰუილტი, მ.ლოიდ
_95014
245 _aდაბადებულია რომ ილაპარაკოს : შესავალი მეტყველებისა და ენის განვითარების თეორიაში
_b სახელმხღვ. /
_cჰუილტი მ. ლოიდ, მერლი ლ.ჰოვარდი, ქეთლინ რ. ფაჰეი ; რედ. : მანანა მიქაბერიძე, რუსუდან სულაკაური..
250 _aმეხუთე გამოცემა
264 _aთბილისი :
_bქართული ბიოგრაფიული ცენტრი ;
_c2012.
300 _a364 გვ. ;
_c30 სმ.
653 _aშესავალი მეტყველებისა და ენის განვითარების თეორიაში
653 _aსახელმძღვანელო
700 _aმერლი, ჰოვარდი ლ.
_eავტორი
_95015
700 _aქეთლინ, რ.ფაჰეი
_eავტორი
_95016
700 _a მიქაბერიძე, მანანა
_eრედაქტორი
_95017
700 _a სულაკაური, რუსუდან
_eრედაქტორი
_95018
942 _cBK
_2udc